[Event "London Classic Open 2015"]
[Site "London ENG"]
[Date "2015.12.09"]
[Round "7.7"]
[White "Georgescu, Tiberiu-Marian"]
[Black "Melkumyan, Hrant"]
[Result "0-1"]
[WhiteTitle "GM"]
[BlackTitle "GM"]
[WhiteElo "2453"]
[BlackElo "2654"]
[WhiteFideId "1213300"]
[BlackFideId "13302485"]
[EventDate "2015.12.04"]

1. d4 Nf6 2. c4 g6 3. Nf3 Bg7 4. e3 O-O 5. Be2 c5 6. d5 e6 7. Nc3 d6 8. Nd2 Na6
9. O-O Nc7 10. e4 Re8 11. Re1 Rb8 12. a4 Na6 13. f3 Nb4 14. Nf1 exd5 15. cxd5 a6
16. Bg5 Bd7 17. Qd2 b5 18. axb5 axb5 19. Ra7 Re5 20. Rea1 Be8 21. R1a5 Re7 22.
Rxe7 Qxe7 23. Qf4 Qd8 24. Ra1 Nh5 25. Qd2 Qb6 26. Kh1 Nf6 27. Ne3 Bd7 28. f4 Re8
29. Bf3 c4 30. Bxf6 Bxf6 31. Bg4 Bxg4 32. Nxg4 Bg7 33. e5 Nd3 34. Ne4 dxe5 35.
d6 f5 36. Nef6+ Bxf6 37. Nxf6+ Kf7 38. Nd7 Qd4 39. Rf1 exf4 40. Qc3 Nf2+ 0-1

[Event "London Classic Open 2015"]
[Site "London ENG"]
[Date "2015.12.09"]
[Round "7.8"]
[White "Edouard, Romain"]
[Black "Esserman, Marc"]
[Result "1-0"]
[WhiteTitle "GM"]
[BlackTitle "IM"]
[WhiteElo "2627"]
[BlackElo "2411"]
[WhiteFideId "633429"]
[BlackFideId "2018616"]
[EventDate "2015.12.04"]

1. d4 f5 2. g3 Nf6 3. Bg2 g6 4. Nf3 Bg7 5. O-O O-O 6. c4 d6 7. Nc3 c6 8. Rb1 Qe8
9. d5 Na6 10. b4 Bd7 11. dxc6 bxc6 12. c5 d5 13. Qd3 Nc7 14. Bf4 Ne6 15. Be5 Qf7
16. Qc2 Ne4 17. Qb2 Bf6 18. Bxf6 exf6 19. e3 Rfb8 20. Qc2 Qf8 21. Nd4 a5 22. a3
axb4 23. axb4 Ra3 24. Na4 Nxd4 25. exd4 f4 26. Nb6 Bf5 27. Qc1 Rd3 28. Qxf4 Nc3
29. Rbe1 Re8 30. Qc7 Rxe1 31. Rxe1 Ne2+ 32. Kh1 Qe8 33. Ra1 Be4 34. h4 Bxg2+ 35.
Kxg2 Qe4+ 36. Kh2 1-0

[Event "London Classic Open 2015"]
[Site "London ENG"]
[Date "2015.12.09"]
[Round "7.9"]
[White "McDonald, Neil"]
[Black "Hawkins, Jonathan"]
[Result "1/2-1/2"]
[WhiteTitle "GM"]
[BlackTitle "GM"]
[WhiteElo "2417"]
[BlackElo "2569"]
[WhiteFideId "400629"]
[BlackFideId "412686"]
[EventDate "2015.12.04"]

1. e4 c5 2. Nf3 e6 3. d4 cxd4 4. Nxd4 Nc6 5. Nc3 Qc7 6. Be3 a6 7. Qd2 Nf6 8.
O-O-O Be7 9. f4 b5 10. e5 b4 11. exf6 bxc3 12. Qxc3 Bxf6 13. g4 Qb7 14. Rg1 Nb4
15. Bc4 d5 16. Bb3 Bd7 17. a3 Nc6 18. g5 Nxd4 19. Bxd4 Bxd4 20. Qxd4 O-O 21. f5
a5 22. Rg3 a4 23. Qh4 axb3 24. Rh3 h6 25. gxh6 Qc7 26. c3 Ra4 27. Rd4 Rxd4 28.
Qxd4 f6 29. hxg7 Kxg7 30. Qg4+ Kf7 31. fxe6+ Ke8 32. exd7+ Kd8 33. Kd2 Qc5 34.
Re3 Qd6 35. Qe2 Kxd7 36. Qb5+ Kc7 37. Qa5+ Kb7 38. Qb5+ Kc7 39. Qe2 Qf4 40. Kd1
Rg8 41. Rg3 Rxg3 42. hxg3 Qf5 43. Kd2 Qc2+ 44. Ke1 Qb1+ 45. Kf2 Qf5+ 46. Kg2 Qc2
47. Kf1 Qb1+ 48. Kg2 Qc2 49. Qf2 Qe4+ 50. Kh3 Qh7+ 51. Kg2 Qe4+ 1/2-1/2

[Event "London Classic Open 2015"]
[Site "London ENG"]
[Date "2015.12.09"]
[Round "7.10"]
[White "Dragun, Kamil"]
[Black "Roberson, Peter T"]
[Result "1/2-1/2"]
[WhiteTitle "GM"]
[BlackTitle "IM"]
[WhiteElo "2564"]
[BlackElo "2407"]
[WhiteFideId "1134167"]
[BlackFideId "412384"]
[EventDate "2015.12.04"]

1. d4 Nf6 2. c4 e6 3. Nf3 c5 4. d5 d6 5. Nc3 exd5 6. cxd5 g6 7. Bf4 a6 8. a4 Bg7
9. h3 O-O 10. e3 Re8 11. Nd2 Nfd7 12. Be2 Ne5 13. O-O Nbd7 14. Qc2 f5 15. b3 b6
16. Rac1 Bb7 17. Nc4 Qe7 18. Rfe1 Rf8 19. Bf1 Rae8 20. Bxe5 Bxe5 21. Nxe5 Nxe5
22. f4 Nd7 23. Bc4 Qh4 24. Qd3 Re7 25. Re2 g5 26. Rf1 Rg7 27. Kh2 g4 28. e4 Nf6
29. e5 Nh5 30. Re3 Nxf4 31. Rxf4 g3+ 32. Rxg3 Qxf4 33. e6 Rxg3 34. Qxg3+ Qxg3+
35. Kxg3 Kg7 36. Kf4 Kf6 37. Bd3 h5 38. g3 h4 39. gxh4 Rh8 40. Bxf5 Rxh4+ 41.
Bg4 Rh8 42. Ke4 Rg8 43. Kf4 Ke7 44. Bf3 b5 45. axb5 axb5 46. Nxb5 Rf8+ 47. Ke3
Rxf3+ 48. Kxf3 Bxd5+ 49. Kf4 Bxe6 50. h4 Bxb3 51. h5 Bc2 52. h6 Bh7 53. Nc7 Kf6
54. Ne8+ Ke6 55. Nc7+ Ke7 56. Nd5+ Kf7 57. Nc7 Kg6 58. Nb5 d5 59. Ke5 Bg8 60.
Kd6 c4 61. Kc5 Kxh6 62. Kd4 Kg5 63. Nc3 Kf6 64. Nb5 Ke6 65. Nc3 Kd6 66. Nb5+ Kc6
67. Nc3 Bf7 68. Ne2 Bh5 69. Nc3 Bf3 70. Na4 Kb5 71. Nc3+ Kb4 72. Na2+ Kb3 73.
Nc3 Kb2 74. Na4+ Kc2 75. Nc3 Be4 76. Nb5 c3 77. Nxc3 Bf3 78. Nxd5 Bxd5 79. Kxd5 1/2-1/2

[Event "London Classic Open 2015"]
[Site "London ENG"]
[Date "2015.12.09"]
[Round "7.12"]
[White "Baron, Tal"]
[Black "Guramishvili, Sopiko"]
[Result "1/2-1/2"]
[WhiteTitle "GM"]
[BlackTitle "IM"]
[WhiteElo "2544"]
[BlackElo "2368"]
[WhiteFideId "2809958"]
[BlackFideId "13602888"]
[EventDate "2015.12.04"]

1. e4 c5 2. Nf3 e6 3. d4 cxd4 4. Nxd4 Nc6 5. Nc3 Qc7 6. Be3 a6 7. Qf3 Nf6 8.
O-O-O Nxd4 9. Bxd4 e5 10. Be3 d6 11. h3 b5 12. a3 h6 13. g4 Rb8 14. g5 hxg5 15.
Bxg5 Be7 16. Rg1 Be6 17. Qd3 Qb7 18. Nd5 Bxd5 19. exd5 Rc8 20. f4 e4 21. Qe3 Qc7
22. Qe2 Qb6 23. Rg3 Rc4 24. Qd2 Rc5 25. Qe3 Qc7 26. Rg2 Kd8 27. Rgd2 Re8 28. Bg2
Rc4 29. Bf1 Rc5 30. Bg2 Rc4 31. Kb1 Kc8 32. Bf1 Rc5 33. c3 Kb8 34. Bh4 Qb7 35.
Rd4 Bd8 36. Qe1 e3 37. Bg2 Bb6 38. Bxf6 gxf6 39. Re4 Rcc8 40. Qe2 Qd7 41. Rxe8
Rxe8 42. Ka2 Qf5 43. Rf1 Ka7 44. Ka1 Rc8 45. Bf3 Rc4 46. Bg4 Qxd5 47. h4 f5 48.
Rd1 Qe6 49. Bf3 Rxf4 50. h5 Bc5 51. Qg2 Qb3 52. Qg5 Rxf3 53. Qe7+ Kb6 54. Qd8+
Kb7 55. Qd7+ 1/2-1/2

[Event "London Classic Open 2015"]
[Site "London ENG"]
[Date "2015.12.09"]
[Round "7.13"]
[White "Hillarp Persson, Tiger"]
[Black "Buchicchio, Giampaolo"]
[Result "1-0"]
[WhiteTitle "GM"]
[BlackTitle "FM"]
[WhiteElo "2521"]
[BlackElo "2313"]
[WhiteFideId "1700812"]
[BlackFideId "811491"]
[EventDate "2015.12.04"]

1. d4 d5 2. c4 c6 3. Nf3 Nf6 4. Nc3 a6 5. Qc2 g6 6. Bg5 Bg7 7. e3 Nbd7 8. a4 O-O
9. Be2 dxc4 10. e4 h6 11. Bd2 e5 12. Nxe5 Nxe5 13. dxe5 Ng4 14. f4 b5 15. axb5
cxb5 16. Nd5 Be6 17. O-O Bxd5 18. exd5 Qb6+ 19. Kh1 Nf2+ 20. Rxf2 Qxf2 21. Qe4
a5 22. Rf1 Qh4 23. d6 a4 24. Bb4 Qd8 25. Bg4 Kh8 26. Qd5 c3 27. Bxc3 a3 28. bxa3
Rxa3 29. Bb4 Ra8 30. d7 Rb8 31. Rd1 Rg8 32. Qxf7 Qh4 33. Bf3 g5 34. e6 Qf2 35.
Qg6 Bf8 36. Bc3+ 1-0

[Event "London Classic Open 2015"]
[Site "London ENG"]
[Date "2015.12.09"]
[Round "7.14"]
[White "Cox, John J"]
[Black "Sadzikowski, Daniel"]
[Result "1/2-1/2"]
[WhiteTitle "IM"]
[BlackTitle "IM"]
[WhiteElo "2342"]
[BlackElo "2506"]
[WhiteFideId "401064"]
[BlackFideId "1132253"]
[EventDate "2015.12.04"]

1. d4 e6 2. c4 Nf6 3. Nf3 d5 4. Nc3 c6 5. e3 Nbd7 6. b3 Bb4 7. Bd2 O-O 8. Bd3
Qe7 9. O-O h6 10. Qc2 e5 11. dxe5 Nxe5 12. Nxe5 Qxe5 13. cxd5 cxd5 14. Nb5 Ng4
15. f4 Qe7 16. Bxb4 Qxb4 17. Rfe1 Be6 18. a3 Qe7 19. Qc7 Qh4 20. f5 Bxf5 21.
Bxf5 Qf2+ 22. Kh1 Qxf5 23. Qf4 Qd7 24. Nd6 Nf2+ 25. Qxf2 Qxd6 26. Qf4 Qxf4 27.
exf4 Rfe8 28. Kg1 Kf8 29. Red1 Rad8 30. Kf2 Re4 31. Kf3 Re6 32. Rd3 Ke7 33. Rad1
Rc6 34. g4 Rd7 35. f5 Rc2 36. h3 Kf6 37. Kf4 Rf2+ 38. Kg3 Ra2 39. b4 Rc2 40.
Rxd5 Rxd5 41. Rxd5 Rc3+ 42. Kg2 Rxa3 43. Rd7 b6 44. Rb7 g6 45. fxg6 Kxg6 46. Rd7
f6 47. Rd5 Ra4 48. b5 Ra5 49. Rh5 Ra2+ 50. Kg3 Ra3+ 51. Kf4 Rc3 52. Ke4 Rc4+ 53.
Kd3 Ra4 54. Ke3 Rb4 55. Kd3 f5 56. Rxf5 Rb3+ 57. Ke4 Rxh3 58. Rd5 Rh1 59. Kf4
Rf1+ 60. Kg3 Rf7 61. Kh4 Rc7 62. Rd6+ Kg7 63. Kh5 Rc5+ 64. Kh4 Rxb5 65. Rd7+ Kf6
66. Rxa7 Re5 67. Rb7 Re6 68. Kh5 Ke5 69. Rh7 Kf4 70. Rf7+ Kg3 71. Rb7 Kf3 72.
Rf7+ Kg3 73. Rb7 Kf4 74. Rf7+ Ke4 75. Rh7 Kf4 1/2-1/2

[Event "London Classic Open 2015"]
[Site "London ENG"]
[Date "2015.12.09"]
[Round "7.15"]
[White "Jackson, James P"]
[Black "Grigoriants, Sergey"]
[Result "1/2-1/2"]
[WhiteTitle "FM"]
[BlackTitle "GM"]
[WhiteElo "2355"]
[BlackElo "2603"]
[WhiteFideId "416860"]
[BlackFideId "4130804"]
[EventDate "2015.12.04"]

1. e4 c6 2. d4 d5 3. exd5 cxd5 4. c4 Nf6 5. Nc3 Nc6 6. Bg5 Be6 7. Be2 Qa5 8. Bf3
dxc4 9. d5 Rd8 10. Bd2 Nxd5 11. Nxd5 Rxd5 12. Bxa5 Rxd1+ 13. Rxd1 Nxa5 14. Ne2
g6 15. Nd4 Bd7 16. b4 cxb3 17. Nxb3 Nxb3 18. axb3 e6 19. Bxb7 Bb4+ 20. Kf1 Bb5+
21. Kg1 Ke7 22. g3 Rb8 23. Bf3 Rc8 24. Kg2 Rc3 25. Rb1 Bd3 26. Rbc1 Bc2 27. Rhe1
Rxb3 28. Re3 Rxe3 29. fxe3 Bd3 30. Rc7+ Kf6 31. Rxa7 g5 32. Kf2 Bg6 33. Ra4 Bc5
34. Ra5 Bd6 35. h3 h5 36. Bd1 Be5 37. Rc5 Bd6 38. Rc8 Be5 39. Kf3 Bf5 40. g4
hxg4+ 41. hxg4 Bd3 42. Rc5 Bd6 43. Ra5 Bg6 44. Ba4 Be5 45. Bc6 Bc2 46. Ke2 Bg6
47. Be8 Bd6 48. Ra7 Bb8 49. Rb7 Be5 50. Kf3 Bd6 51. Bc6 Bc2 52. Bb5 Bd1+ 53. Be2
Ba4 54. Kf2 Bc2 55. Rd7 Be5 56. Ra7 Bb8 57. Ra2 Be4 58. Ra4 Bg6 59. Rc4 Bd6 60.
Ra4 Be5 61. Bf3 Bd6 62. Be4 Bxe4 63. Rxe4 Ke7 64. Kf3 f6 65. Ra4 Be5 66. Ra5 Bd6
67. Ke4 Bg3 68. Kd3 Kd7 69. Kc4 Ke7 70. e4 Bf4 71. Kc5 Ke8 72. Kc6 Ke7 73. Ra7+
Ke8 74. Rb7 1/2-1/2

[Event "London Classic Open 2015"]
[Site "London ENG"]
[Date "2015.12.09"]
[Round "7.16"]
[White "Jumabayev, Rinat"]
[Black "Englert, Fabian"]
[Result "1-0"]
[WhiteTitle "GM"]
[BlackTitle "FM"]
[WhiteElo "2599"]
[BlackElo "2350"]
[WhiteFideId "13702661"]
[BlackFideId "24614467"]
[EventDate "2015.12.04"]

1. c4 e6 2. g3 d5 3. d4 c5 4. cxd5 cxd4 5. Qa4+ Qd7 6. Qxd7+ Bxd7 7. Nf3 exd5 8.
Nxd4 Nc6 9. Be3 Bc5 10. Nb5 Bxe3 11. fxe3 Nb4 12. Nc7+ Kd8 13. Nxa8 Nc2+ 14. Kd2
Nxa1 15. Bg2 Nf6 16. Rc1 Bc6 17. b4 Kd7 18. Nc3 Kd6 19. b5 Bd7 20. Nc7 Kxc7 21.
Nxd5+ Kb8 22. Nxf6 gxf6 23. b6 axb6 24. Rxa1 Rd8 25. Be4 Kc7 26. Kc3 Bc6 27. Bd3
Re8 28. Rf1 Bd5 29. a3 Ra8 30. Kb2 Re8 31. Kc3 Ra8 32. Kb4 Re8 33. Rxf6 Rxe3 34.
Kc3 Re8 35. Rh6 Be4 36. Bxe4 Rxe4 37. Kd3 Ra4 38. Rxh7 Rxa3+ 39. Kc4 Re3 40.
Rxf7+ Kd6 41. Rxb7 Rxe2 42. Rxb6+ Ke5 43. Rh6 Rd2 44. Kc3 Rd1 45. Rh4 Kf5 46.
Rd4 Rh1 47. Rf4+ Kg6 48. Rf2 Rd1 49. Rd2 Re1 50. Kd3 Kh5 51. Re2 Rh1 52. Ke4 Kg4
53. Ke5 Ra1 54. Re4+ Kg5 55. h4+ Kh5 56. Kf4 Rf1+ 57. Ke3 Re1+ 58. Kf3 Rf1+ 59.
Kg2 Ra1 60. Re5+ Kg6 61. Kf3 Rf1+ 62. Kg4 Rh1 63. Re6+ Kf7 64. Rd6 Kg7 65. Kg5
Ra1 66. Rd7+ Kg8 67. h5 Ra6 68. g4 Rb6 69. h6 Rb5+ 70. Kg6 Rb6+ 71. Kh5 Kh8 72.
g5 Rb5 73. Rf7 Kg8 74. Re7 Ra5 75. Kg6 Ra8 76. Kf6 Rb8 77. g6 Ra8 78. Rg7+ Kh8
79. Rd7 Ra6+ 80. Kf7 Ra8 81. Ke7 1-0

[Event "London Classic Open 2015"]
[Site "London ENG"]
[Date "2015.12.09"]
[Round "7.17"]
[White "Beinoras, Mindaugas"]
[Black "Rambaldi, Francesco"]
[Result "1/2-1/2"]
[WhiteTitle "IM"]
[BlackTitle "GM"]
[WhiteElo "2344"]
[BlackElo "2560"]
[WhiteFideId "12802085"]
[BlackFideId "20657307"]
[EventDate "2015.12.04"]

1. d4 Nf6 2. c4 c5 3. e3 cxd4 4. exd4 d5 5. Nc3 g6 6. Nf3 Bg7 7. cxd5 Nxd5 8.
Bb5+ Nc6 9. Qb3 Nxc3 10. bxc3 O-O 11. O-O Be6 12. Qa3 Bd5 13. Be2 Qc7 14. Rd1
Rac8 15. Bg5 Qa5 16. Qxa5 Nxa5 17. Rdc1 e6 18. Nd2 b6 19. Ba6 Bb7 20. Bb5 f6 21.
Be3 Rfd8 22. Rab1 Bf8 23. c4 Nc6 24. Nf3 g5 25. h3 h5 26. c5 Ne7 27. cxb6 axb6
28. Rxc8 Nxc8 29. Bc4 Kf7 30. Nd2 Be7 31. Be2 h4 32. Nc4 Bd5 33. a4 Rd7 34. Nxb6
Rb7 35. a5 Nxb6 36. Rxb6 Rxb6 37. axb6 Bd8 38. f3 Bxb6 39. Kf2 Kg6 40. Bd3+ Kf7
41. Ke2 Ke7 42. Bb5 Kd6 43. Kd3 Bd8 44. Bd2 Ke7 45. Bb4+ Kf7 46. Bc4 Bc6 47. Bc5
Bc7 48. Ke3 Bg3 49. Bb4 Bb7 50. Ke2 Bc6 51. Kf1 Bc7 52. Bc5 Ba5 53. Kf2 Bd8 54.
Ke3 Be7 55. Bb6 Bd6 56. Bd8 Bg3 57. Ke2 Bb8 58. Ke3 Ba7 59. Kd3 Bb7 60. Kc3 Bb8
61. Kd3 Bh2 62. Bb6 Bf4 63. Ke2 Ke7 64. Bc5+ Bd6 65. Bb6 Bc6 66. Ba5 Kd7 67. Ke3
Bh2 68. Kf2 Bb8 69. Bb6 Bg3+ 70. Kf1 Bf4 71. Kf2 Bc1 72. Bc5 Bb2 73. Ke3 Bc3 74.
Kd3 Ba5 75. Ke3 Bd8 76. Kf2 Be7 77. Bb6 Bd6 78. Kf1 Be7 79. Kf2 Bd6 80. Ke2 Bf4
81. Kf2 Ke7 82. Bc5+ Kf7 83. Bb6 Bg3+ 84. Kf1 Bd6 85. Kf2 Be7 86. Ba7 f5 87. Bb8
Bf6 88. Ba7 Bd8 89. Bc5 Bc7 90. Ba7 Ba5 91. Bc5 Bd2 92. Bb6 Bc3 93. Bc5 Bd7 94.
Ke3 Kf6 95. Bb6 Kg6 96. Bc7 Bb4 97. Be5 Bc3 98. Bd6 Bb2 99. Bc5 Kf7 100. Bd6 Bc6
101. Bc7 Ke7 102. Ba5 Kd7 103. Be1 Ke7 104. Bb4+ Kf7 105. Be1 Ba3 106. Ke2 Be7
107. Ba5 Bf6 108. Bb6 g4 109. Kf2 gxf3 110. gxf3 Ke7 111. Ke3 Bg5+ 112. Ke2 Bf4
113. Ba5 Bg3 114. Bb4+ Kd7 115. Bd2 Ke7 116. Bg5+ Kf7 117. Bd8 Bd7 118. Kf1 Bc8
119. Bg5 Bb7 120. Ke2 Bc6 121. Bd8 Ke8 122. Bf6 Kd7 123. Bg5 Kd6 124. Bf6 Bd7
125. Bg5 Kc6 126. Bf6 Bc8 127. Bg7 Kb6 128. Kd3 Bd7 129. Bf6 Kc6 130. Bg7 Bc8
131. Bf6 Kd6 132. Ke2 Bb7 133. Bd8 Bc6 134. Bf6 Be8 135. Bg5 Bg6 136. Ke3 e5 1/2-1/2

[Event "London Classic Open 2015"]
[Site "London ENG"]
[Date "2015.12.09"]
[Round "7.18"]
[White "Gledura, Benjamin"]
[Black "Vuilleumier, Alexandre"]
[Result "1/2-1/2"]
[WhiteTitle "IM"]
[BlackTitle "IM"]
[WhiteElo "2513"]
[BlackElo "2342"]
[WhiteFideId "712779"]
[BlackFideId "1305662"]
[EventDate "2015.12.04"]

1. d4 Nf6 2. c4 e6 3. Nf3 d5 4. g3 dxc4 5. Bg2 a6 6. O-O Nc6 7. e3 Bd7 8. Qe2 b5
9. b3 cxb3 10. axb3 Be7 11. Bb2 O-O 12. Rc1 Nb4 13. Ne5 c6 14. Na3 Nfd5 15. e4
Nb6 16. Nc2 Qe8 17. Nxb4 Bxb4 18. Qc2 a5 19. Nd3 Be7 20. Nc5 a4 21. bxa4 Bxc5
22. dxc5 Nxa4 23. Be5 f6 24. Bd6 Rf7 25. e5 f5 26. Rcb1 Qc8 27. Rb4 Nb6 28. Rxa8
Nxa8 29. Qa2 Nc7 30. Rb3 Be8 31. Ra3 b4 32. Ra4 b3 33. Qxb3 Nd5 34. Bf1 Qd8 35.
Ra6 f4 36. Qa3 Rb7 37. Ra8 Qd7 38. Qf3 g6 39. Qg4 Kg7 40. Ra1 Qf7 41. Qe2 g5 42.
Bg2 h5 43. Qc2 Ra7 44. Re1 f3 45. Bf1 h4 46. Qe4 hxg3 47. hxg3 Qh5 48. g4 Qf7
49. Bd3 Kg8 50. Bc2 1/2-1/2

[Event "London Classic Open 2015"]
[Site "London ENG"]
[Date "2015.12.09"]
[Round "7.19"]
[White "Osborne, Marcus E"]
[Black "Williams, Simon K"]
[Result "0-1"]
[BlackTitle "GM"]
[WhiteElo "2180"]
[BlackElo "2439"]
[WhiteFideId "404608"]
[BlackFideId "404454"]
[EventDate "2015.12.04"]

1. Nf3 d5 2. d4 e6 3. c4 c6 4. Qc2 Be7 5. Nbd2 f5 6. Ne5 Nf6 7. f4 Nbd7 8. c5
Nxe5 9. fxe5 Ne4 10. Nxe4 fxe4 11. e3 O-O 12. Bd2 b6 13. b4 a5 14. cxb6 Bxb4 15.
Bxb4 axb4 16. Qxc6 Bd7 17. Qc1 Qxb6 18. Be2 b3 19. axb3 Qb4+ 20. Kd1 Qxb3+ 21.
Kd2 Rac8 22. Qa3 Qc2+ 23. Ke1 Bb5 24. Ra2 Qb1+ 25. Bd1 Ra8 26. Rb2 Qxd1+ 27.
Kxd1 Rxa3 0-1

[Event "London Classic Open 2015"]
[Site "London ENG"]
[Date "2015.12.09"]
[Round "7.20"]
[White "Hector, Jonny"]
[Black "Bates, Richard A"]
[Result "1/2-1/2"]
[WhiteTitle "GM"]
[BlackTitle "IM"]
[WhiteElo "2499"]
[BlackElo "2331"]
[WhiteFideId "1700090"]
[BlackFideId "403555"]
[EventDate "2015.12.04"]

1. d4 Nf6 2. Nc3 c5 3. d5 e5 4. e4 d6 5. f4 exf4 6. Bxf4 Be7 7. Nf3 Bg4 8. h3
Nh5 9. Bb5+ Bd7 10. Bh2 Bh4+ 11. Nxh4 Qxh4+ 12. Kd2 Qg5+ 13. Kd3 Nf4+ 14. Bxf4
Qxf4 15. Rf1 Qe5 16. Qg4 a6 17. Bxd7+ Nxd7 18. Rf5 O-O 19. Raf1 Rae8 20. Kd2
Qd4+ 21. Kc1 b5 22. Rd1 Qe3+ 23. Kb1 Ne5 24. Qe2 Nc4 25. Re1 Qxe2 26. Rxe2 b4
27. b3 bxc3 28. bxc4 Rb8+ 29. Kc1 Rb4 30. a3 Ra4 31. Re3 Rxa3 32. Kd1 f6 33. Ke2
Re8 34. Rf1 Ra4 35. Kd3 Rb8 36. Kxc3 Rbb4 37. Kd3 Ra3+ 38. Kd2 Ra2 39. Rc3 a5
40. g4 h6 41. h4 Rb7 42. g5 hxg5 43. hxg5 fxg5 44. e5 dxe5 45. Ke3 Rf7 46. Rxf7
Kxf7 47. Ke4 Ra1 48. Kxe5 Ke7 49. d6+ Kd7 50. Kd5 Rd1+ 51. Kxc5 Rxd6 52. Ra3 g4
53. Rxa5 Rg6 54. Ra7+ Kc8 55. Kd4 g3 56. Ra1 g2 57. Rg1 Rg3 58. Ke4 g5 59. Kd5
Kc7 60. c5 Kd7 61. c6+ Kc7 62. c4 Rd3+ 63. Ke4 Rg3 1/2-1/2

[Event "London Classic Open 2015"]
[Site "London ENG"]
[Date "2015.12.09"]
[Round "7.21"]
[White "Karthik, V. AP"]
[Black "Westerberg, Jonathan"]
[Result "1-0"]
[BlackTitle "IM"]
[WhiteElo "2310"]
[BlackElo "2497"]
[WhiteFideId "25006479"]
[BlackFideId "1701754"]
[EventDate "2015.12.04"]

1. e4 c5 2. Nf3 Nf6 3. e5 Nd5 4. c3 e6 5. d4 cxd4 6. cxd4 d6 7. Bc4 Be7 8. O-O
O-O 9. Qe2 b6 10. Nc3 Nxc3 11. bxc3 Bb7 12. Bd3 Nd7 13. Bf4 Qc7 14. Rfe1 Rac8
15. Ng5 Bxg5 16. Bxg5 dxe5 17. dxe5 Qxc3 18. Rad1 Nxe5 19. Qxe5 Qxe5 20. Rxe5 f6
21. Rxe6 fxg5 22. Re7 Bc6 23. Rxa7 Rfd8 24. Bc4+ Kh8 25. Rxd8+ Rxd8 26. h3 h6
27. Ra6 Rb8 28. f3 Bd7 29. Kf2 Rc8 30. Bb3 Rc6 31. Ba4 Rd6 32. Ra8+ Kh7 33. Rd8
Rd2+ 34. Ke3 Rxa2 35. Bxd7 Kg6 36. g4 Rh2 37. Bf5+ Kf7 38. Rd7+ Kf8 39. Bg6 Rxh3
40. Rf7+ 1-0

[Event "London Classic Open 2015"]
[Site "London ENG"]
[Date "2015.12.09"]
[Round "7.22"]
[White "Arkell, Keith C"]
[Black "Nguyen, Piotr"]
[Result "0-1"]
[WhiteTitle "GM"]
[WhiteElo "2490"]
[BlackElo "2329"]
[WhiteFideId "400270"]
[BlackFideId "1127993"]
[EventDate "2015.12.04"]

1. Nf3 Nf6 2. c4 g6 3. Nc3 Bg7 4. d4 O-O 5. g3 d6 6. Bg2 Nc6 7. O-O a6 8. a4 Bf5
9. a5 Ne4 10. Nxe4 Bxe4 11. Be3 d5 12. Qa4 e6 13. Rfd1 dxc4 14. Qxc4 Qd5 15.
Qxd5 exd5 16. Ne1 Bxg2 17. Kxg2 Rfe8 18. Nc2 Na7 19. Rd2 Nb5 20. Rb1 Bf8 21. Bf4
f6 22. g4 Kf7 23. e3 c6 24. Rdd1 Be7 25. Ra1 Rh8 26. h4 h5 27. g5 Bd6 28. Bxd6
Nxd6 29. gxf6 Rae8 30. Ne1 Kxf6 31. Nf3 Nf5 32. Kh3 Re4 33. Rh1 Rf8 34. Kg2 Rg4+
35. Kf1 Kg7 36. Ke2 Nxe3 37. Ng5 Nc2 38. Ne6+ Kf7 39. Nxf8 Nxa1 40. Nd7 Re4+ 41.
Kd3 Nb3 42. Rh3 Kg7 43. Re3 Rxe3+ 44. fxe3 Nxa5 45. Nc5 Nc4 46. Nxb7 Nxb2+ 47.
Ke2 Nc4 48. Nd8 Na5 49. Ne6+ Kf6 50. Nc5 g5 51. hxg5+ Kxg5 52. Kf3 h4 53. Nxa6
h3 54. Nc5 Nc4 55. Kg3 Nxe3 56. Ne6+ Kf6 57. Nf8 Nf5+ 58. Kxh3 Nxd4 59. Kg3 Ke7
60. Nh7 Ne6 0-1

[Event "London Classic Open 2015"]
[Site "London ENG"]
[Date "2015.12.09"]
[Round "7.23"]
[White "Paterek, Michal"]
[Black "Swayams, Mishra"]
[Result "0-1"]
[WhiteTitle "FM"]
[BlackTitle "IM"]
[WhiteElo "2293"]
[BlackElo "2477"]
[WhiteFideId "1116142"]
[BlackFideId "5028183"]
[EventDate "2015.12.04"]

1. d4 Nf6 2. c4 e6 3. Nc3 Bb4 4. e3 O-O 5. Ne2 c6 6. a3 Ba5 7. b4 Bc7 8. Ng3 d6
9. Bd3 e5 10. O-O Nbd7 11. f4 exd4 12. exd4 a5 13. b5 Re8 14. Qf3 Bb6 15. Nge2
Nf8 16. f5 cxb5 17. cxb5 h6 18. Kh1 N8h7 19. Qg3 Kh8 20. Qh4 d5 21. Bf4 Bc7 22.
Bd2 b6 23. Rae1 Bb7 24. Bb1 Ne4 25. Qxd8 Raxd8 26. Bc1 Nhf6 27. Kg1 Rd7 28. Nxe4
dxe4 29. Bb2 Bd5 30. h3 Bc4 31. a4 Nd5 32. Rf2 Bb3 33. Nc1 Bxa4 34. Rxe4 Rxe4
35. Bxe4 Bxb5 36. Bd3 Bxd3 37. Nxd3 Bd6 38. Re2 Re7 39. Rc2 Bg3 40. Ne5 Kh7 41.
Rc1 f6 42. Nf3 Re2 43. Bc3 Bf4 44. Kf1 Bxc1 45. Kxe2 Nxc3+ 46. Kd3 Nd5 47. Kc4
Ne3+ 48. Kb5 Nxf5 49. g4 Ne3 50. Ne1 Bb2 51. Kxb6 a4 52. d5 Nxd5+ 53. Kc5 Nf4 0-1

[Event "London Classic Open 2015"]
[Site "London ENG"]
[Date "2015.12.09"]
[Round "7.24"]
[White "Galyas, Miklos"]
[Black "Haugli, Petter"]
[Result "1-0"]
[WhiteTitle "IM"]
[BlackTitle "IM"]
[WhiteElo "2465"]
[BlackElo "2260"]
[WhiteFideId "707244"]
[BlackFideId "1500104"]
[EventDate "2015.12.04"]

1. c4 c6 2. Nf3 d5 3. e3 Nf6 4. Nc3 a6 5. Qc2 g6 6. d4 Bg7 7. Bd3 O-O 8. O-O b5
9. c5 Nbd7 10. e4 dxe4 11. Bxe4 Qc7 12. Re1 e5 13. Be3 Ng4 14. b4 Nxe3 15. fxe3
exd4 16. exd4 Nf6 17. Ne5 Nxe4 18. Qxe4 Bb7 19. Rad1 Rfe8 20. Qf4 Rad8 21. Ne4
Re6 22. Nd6 Rf8 23. Qg3 Bc8 24. Qf3 Bd7 25. Rf1 Rf6 26. Qe4 Rxf1+ 27. Rxf1 Be8
28. Re1 Bd7 29. a3 Be8 30. h3 Bd7 31. Kh1 Be8 32. Nxg6 hxg6 33. Nxe8 Qd7 34.
Nxg7 Kxg7 35. Qe5+ Kg8 36. Re4 1-0

[Event "London Classic Open 2015"]
[Site "London ENG"]
[Date "2015.12.09"]
[Round "7.26"]
[White "Cherniaev, Alexander"]
[Black "Cumming, Rhys"]
[Result "1-0"]
[WhiteTitle "GM"]
[WhiteElo "2441"]
[BlackElo "2140"]
[WhiteFideId "4117301"]
[BlackFideId "470163"]
[EventDate "2015.12.04"]

1. e4 c5 2. a3 g6 3. Bc4 Bg7 4. Qf3 e6 5. d3 Nc6 6. Ne2 h6 7. Nbc3 a6 8. Ba2
Nge7 9. h4 b5 10. Qg3 h5 11. Bf4 d5 12. O-O O-O 13. Bd6 c4 14. Rad1 Qb6 15. Kh1
Re8 16. f3 Ra7 17. b4 Rd7 18. Bc5 Qb7 19. d4 Red8 20. e5 Nf5 21. Qf2 Bh6 22. g4
hxg4 23. fxg4 Ne3 24. g5 Nxd1 25. Nxd1 Bg7 26. Ne3 Nxe5 27. dxe5 d4+ 28. Ng2
Bxe5 29. Ng1 Bg7 30. Nf3 e5 31. c3 Rd5 32. Bb1 d3 33. Be3 Qd7 34. Kg1 Bb7 35.
Bd2 Qe6 36. Nh2 R5d7 37. Qg3 Qc6 38. Ne3 Qh1+ 39. Kf2 Qe4 40. Kg1 Qh1+ 41. Kf2
Qe4 42. Kg1 Rd6 43. Nhg4 Qh1+ 44. Kf2 Qc6 45. Kg1 Re8 46. Kh2 Rde6 47. Kg1 Qd6
48. Kh2 e4 49. Rf4 a5 50. h5 axb4 51. axb4 Qe7 52. Qh4 gxh5 53. Nf6+ Kf8 54.
Qxh5 Rxf6 55. gxf6 Bxf6 56. Ng4 Bg7 57. Nh6 f6 58. Be3 Bxh6 59. Qxh6+ Kf7 60.
Bd4 Qd6 61. Bxf6 Ke6 62. Qh3+ Kd5 63. Qh5+ Re5 64. Bxe5 Qxe5 65. Qf7+ Kd6 66.
Kg1 Bd5 67. Qf8+ Kd7 68. Rg4 Qe6 1-0